LA REVOLUCION KEYNESIANA (Registro nro. 6682)
[ vista simple ]
| 000 -LEADER | |
|---|---|
| fixed length control field | 00434nam a2200169 a 4500 |
| 001 - CONTROL NUMBER | |
| control field | 6682 |
| 005 - DATE AND TIME OF LATEST TRANSACTION | |
| control field | 20180713190547.0 |
| 008 - FIXED-LENGTH DATA ELEMENTS--GENERAL INFORMATION | |
| fixed length control field | 140415s1983 000 0 spa d |
| 041 ## - LANGUAGE CODE | |
| Language code of text/sound track or separate title | spa |
| 082 ## - DEWEY DECIMAL CLASSIFICATION NUMBER | |
| Classification number | 330.156 |
| Item number | KLE |
| 100 1# - MAIN ENTRY--PERSONAL NAME | |
| Personal name | KLEIN, LAWRENCE R. |
| 245 13 - TITLE STATEMENT | |
| Title | LA REVOLUCION KEYNESIANA |
| 260 ## - PUBLICATION, DISTRIBUTION, ETC. | |
| Place of publication, distribution, etc. | [s.l.] : |
| Name of publisher, distributor, etc. | TRILLAS, |
| Date of publication, distribution, etc. | 1983 |
| 300 ## - PHYSICAL DESCRIPTION | |
| Extent | 306 |
| 650 14 - SUBJECT ADDED ENTRY--TOPICAL TERM | |
| Topical term or geographic name entry element | ECONOMIA |
| General subdivision | TEORIAS |
| 700 1# - ADDED ENTRY--PERSONAL NAME | |
| Personal name | SCHNEIDER, ANTONIO |
| Relator term | tr. |
| Withdrawn status | Lost status | Source of classification or shelving scheme | Damaged status | Not for loan | Collection code | Home library | Current library | Shelving location | Date acquired | Source of acquisition | Inventory number | Total Checkouts | Full call number | Barcode | Date last seen | Price effective from | Koha item type |
|---|---|---|---|---|---|---|---|---|---|---|---|---|---|---|---|---|---|
| Dewey Decimal Classification | General | Biblioteca Karol Wojtyla | Biblioteca Karol Wojtyla | Sala general | 03/12/2013 | Compra | 151000000000000000049850 | 330.156 KLE | 19274 | 05/01/2026 | 03/12/2013 | Libro | |||||
| Dewey Decimal Classification | General | Biblioteca Karol Wojtyla | Biblioteca Karol Wojtyla | Sala general | 03/12/2013 | Compra | 151000000000000000049851 | 330.156 KLE | 29396 | 05/01/2026 | 03/12/2013 | Libro | |||||
| Dewey Decimal Classification | General | Biblioteca Karol Wojtyla | Biblioteca Karol Wojtyla | Sala general | 03/12/2013 | Compra | 151000000000000000049849 | 330.156 KLE | 9838 | 05/01/2026 | 03/12/2013 | Libro |